Ч. 2 : Силовые подстанции предприятий; Монтаж, наладка, эксплуатация электрооборудования

Dades bibliogràfiques
Parent link:Монтаж, наладка, эксплуатация электрооборудования: учебное пособие/ Национальный исследовательский Томский политехнический университет (ТПУ) ; сост. А. В. Кабышев , Е. В. Тарасов. Ч. 2 : Силовые подстанции предприятий.— 2-е изд..— , 2014
Sumari:В пособии описаны принцип действия элементов силового оборудования подстанций предприятий, их монтажа, ремонта, технического обслуживания и эксплуатации. Предназначено для студентов, обучающихся по направлению 140200 «Электроэнергетика» и специальности 140211 «Электроснабжение».
Idioma:rus
Publicat: 2014
Matèries:
Format: MixedMaterials Llibre
KOHA link:https://koha.lib.tpu.ru/cgi-bin/koha/opac-detail.pl?biblionumber=262537

MARC

LEADER 00000nam0a2200000 4500
001 262537
005 20231101233648.0
035 |a (RuTPU)RU\TPU\book\285520 
035 |a RU\TPU\book\230613 
090 |a 262537 
100 |a 20140602d2014 m y0rusy50 ca 
101 0 |a rus 
102 |a RU 
105 |a a j 000zy 
200 0 |a Ч. 2 : Силовые подстанции предприятий 
210 |d 2014 
215 |a 159 с.  |c ил. 
330 |a В пособии описаны принцип действия элементов силового оборудования подстанций предприятий, их монтажа, ремонта, технического обслуживания и эксплуатации. Предназначено для студентов, обучающихся по направлению 140200 «Электроэнергетика» и специальности 140211 «Электроснабжение». 
452 1 |0 (RuTPU)RU\TPU\book\297105  |t Ч. 2: Силовые подстанции предприятий  |e 2-е изд.  |d 2014 
461 |t Монтаж, наладка, эксплуатация электрооборудования  |o учебное пособие  |f Национальный исследовательский Томский политехнический университет (ТПУ) ; сост. А. В. Кабышев , Е. В. Тарасов  |v Ч. 2 : Силовые подстанции предприятий  |e 2-е изд.  |d 2014 
606 1 |a Электрооборудование  |x Эксплуатация  |2 stltpush  |3 (RuTPU)RU\TPU\subj\20608  |9 45702 
610 1 |a силовые коммутационные аппараты 
610 1 |a выключатели 
610 1 |a воздушные выключатели 
610 1 |a элегазовые выключатели 
610 1 |a вакуумные выключатели 
610 1 |a вспомогательные коммутационные аппараты 
610 1 |a измерительные трансформаторы 
610 1 |a ограничивающие аппараты 
610 1 |a подстанции 
610 1 |a оборудование 
610 1 |a монтаж 
610 1 |a распределительные устройства 
610 1 |a учебные пособия 
610 1 |a труды учёных ТПУ 
675 |a 621.31.004(075.8)  |v 3 
801 1 |a RU  |b 63413507  |c 20120311 
801 2 |a RU  |b 63413507  |c 20150907  |g RCR 
900 |a Монтаж, наладка и эксплуатация электрооборудования 
942 |c BK